01397nab a22002297a 4500999001500000003000400015005001700019008004100036040000700077100003600084245010700120260007300227300001300300500004500313505048100358505008900839650002800928650002000956650003200976773014601008942001301154 c5461d5461OSt20251113103753.0190604e xxu||||| |||| 00| 0 spa d cPJ 96464aMassini Ezcurra, Martín13aEl decreto 138/2025 :bmonopolio y desregulación de sociedades de autores /cFarini Duggan, Tomás  aCiudad Autónoma de Buenos Aires :bThomson Reuters La Ley, c2025. ap. 48-57 aCita Online: TR LALEY AR/DOC/1117/2025.  tSumario: Sumario: I. Introducción.— II. Art. 1° del dec. 138/2025: monopolio versus competencia o gestión individual.— III. Modos de utilización de las obras. Gestión colectiva ¿indispensable?— IV. Algunos argumentos a favor de las sociedades autorales monopólicas.— V. Selección de algunos temas del resto del articulado del dec. 138/2025.— VI. ¿Qué pasa con las SGCDAyC existentes de ahora en más?— VII. Conclusiones.— VIII. Bibliografía.  t¿Te interesa el texto completo? Solicitalo al correo: koha@justierradelfuego.gov.ar 093459aDERECHOS DE AUTOR 094665aMONOPOLIO 093458aPROPIEDAD INTELECTUAL0 0271493171dCiudad Autónoma de Buenos Aires : Thomson Reuters La Ley, 2014-tRevista anales de legislación argentina. Nº 6 - Junio 2025. 2udccANA